[Event "FICGS__CHESS__RAPID_E__000002"]
[Site "FICGS"]
[Date "2008.06.01"]
[Round "1"]
[White "Melquiades, Jay"]
[Black "Holdt, Jonas"]
[Result "0-1"]
[WhiteElo "995"]
[BlackElo "896"]
[PlyCount "50"]
[EventDate "2008.??.??"]
[EventType "rapid"]

1. e4 e5 2. Nf3 Nc6 3. c3 Nf6 4. d4 exd4 5. Nbd2 dxc3 6. bxc3 Bc5 7. e5 Ng4 8.
Ne4 Bb6 9. Bg5 f6 10. exf6 gxf6 11. Bh4 Qe7 12. Bd3 d5 13. h3 dxe4 14. hxg4
exd3+ 15. Kf1 Bxg4 16. Qxd3 Ne5 17. Nxe5 Qxe5 18. Re1 Qxe1+ 19. Kxe1 Rd8 20.
Bxf6 Rxd3 21. f3 Rf8 22. Bg5 Bf5 23. Bh6 Rf6 24. g4 Re6+ 25. Kf1 Rd1+ 0-1

[Event "GER-chT WK U18 4th"]
[Site "Kiel"]
[Date "2008.05.31"]
[Round "2.4"]
[White "Freimuth, Matthias"]
[Black "Colakovic, Dani"]
[Result "0-1"]
[WhiteElo "800"]
[BlackElo "1095"]
[PlyCount "46"]
[EventDate "2008.05.31"]
[EventType "team-swiss"]
[EventRounds "7"]
[EventCountry "GER"]
[SourceTitle "EXT 2010"]
[Source "ChessBase"]
[SourceDate "2009.11.30"]
[SourceVersion "1"]
[SourceVersionDate "2009.11.30"]
[SourceQuality "1"]

1. e4 e5 2. Nf3 Nc6 3. c3 Nf6 4. d4 exd4 5. cxd4 Nxe4 6. d5 Nb8 7. Bd3 Nc5 8.
Nc3 Nxd3+ 9. Qxd3 c6 10. dxc6 Nxc6 11. Qc4 Be7 12. h4 O-O 13. Qd3 Re8 14. Ne2
Bb4+ 15. Kf1 d5 16. Ng5 g6 17. Qf3 Bf5 18. h5 d4 19. g4 Ne5 20. Qh3 Bxg4 21.
Qh2 Nf3 22. Nxf3 Bxf3 23. Ng3 Re1# 0-1

[Event "KNSB Cup"]
[Site "Amersfoort NED"]
[Date "2008.05.31"]
[Round "2.1"]
[White "Bertholee, Rob"]
[Black "Richter, Christian"]
[Result "0-1"]
[WhiteElo "2367"]
[BlackElo "2391"]
[PlyCount "126"]
[EventDate "2008.05.??"]
[EventCountry "NED"]
[SourceTitle "OM OTB B 201907"]
[Source "Opening Master"]
[SourceDate "2019.07.06"]
[SourceVersion "2"]
[SourceVersionDate "2019.07.06"]
[SourceQuality "1"]

1. e4 e5 2. Nf3 Nc6 3. c3 Nf6 4. d4 Nxe4 5. d5 Ne7 6. Nxe5 Ng6 7. Qe2 Qe7 8.
Qxe4 Qxe5 9. Qxe5+ Nxe5 10. Nd2 Be7 11. Nc4 Nxc4 12. Bxc4 d6 13. O-O O-O 14.
Re1 Bf6 15. a4 Bf5 16. a5 Rfe8 17. Be3 a6 18. Re2 Re7 19. Rae1 Kf8 20. Kf1 h5
21. f3 Rae8 22. Kf2 Bh4+ 23. g3 Bf6 24. Ba7 Re5 25. Rxe5 Bxe5 26. Bb3 Bd7 27.
f4 Bf6 28. Rxe8+ Kxe8 29. Bb8 Kd8 30. Bc4 h4 31. Ke3 hxg3 32. hxg3 g5 33. Be2
gxf4+ 34. gxf4 Bf5 35. Ba7 Bh4 36. Bh5 Ke8 37. Bb8 Bd8 38. b4 Bh3 39. c4 Bf1
40. c5 Bg2 41. Kd4 dxc5+ 42. bxc5 c6 43. d6 Bxa5 44. Bg4 Kd8 45. Ba7 Bd5 46.
Bh3 Be6 47. f5 Bd7 48. Ke4 Kc8 49. Bf1 Kd8 50. Bc4 Ke8 51. Bb3 Kf8 52. Ke5 Kg7
53. Bb6 Bc3+ 54. Ke4 Bb4 55. Ke5 Ba3 56. Ke4 Bb2 57. Bd8 Bc3 58. Bh4 Bf6 59.
Be1 Bb2 60. Bh4 Bc3 61. Bg5 Be1 62. Bf4 Bf2 63. Be5+ Kf8 0-1

[Event "It (open)"]
[Site "Chotowa (Poland)"]
[Date "2008.05.29"]
[Round "6"]
[White "Kocik, Genowefa"]
[Black "Panczuk, Boleslaw"]
[Result "1-0"]
[WhiteElo "1551"]
[BlackElo "1556"]
[PlyCount "35"]
[EventDate "2008.??.??"]
[EventRounds "9"]
[SourceTitle "OM OTB B 201907"]
[Source "Opening Master"]
[SourceDate "2019.07.06"]
[SourceVersion "2"]
[SourceVersionDate "2019.07.06"]
[SourceQuality "1"]

1. e4 e5 2. Nf3 Nc6 3. c3 Nf6 4. d3 Be7 5. h3 O-O 6. Be3 d5 7. Qc2 dxe4 8. dxe4
b6 9. Bd3 Bb7 10. O-O a5 11. a3 Rc8 12. Nbd2 Nb8 13. Rad1 Na6 14. Nxe5 Nc5 15.
Bc4 Ne6 16. Nef3 Qe8 17. Bxe6 fxe6 18. Bg5 1-0

[Event "NRW-ch Seniors 19th"]
[Site "Hattingen"]
[Date "2008.05.22"]
[Round "4"]
[White "Strozewski, Guenter"]
[Black "Niebaum, Karl"]
[Result "1-0"]
[WhiteElo "1710"]
[BlackElo "1717"]
[PlyCount "113"]
[EventDate "2008.05.19"]
[EventType "swiss"]
[EventRounds "9"]
[EventCountry "GER"]
[SourceTitle "EXT 2010"]
[Source "ChessBase"]
[SourceDate "2009.11.30"]
[SourceVersion "1"]
[SourceVersionDate "2009.11.30"]
[SourceQuality "1"]

1. e4 e5 2. Nf3 Nc6 3. c3 d5 4. Bb5 dxe4 5. Nxe5 Qd5 6. Bxc6+ bxc6 7. Ng4 Ba6
8. Ne3 Qd3 9. b3 Nf6 10. c4 Bc5 11. Bb2 Rd8 12. Bxf6 gxf6 13. Qc2 Bxe3 14. Qxd3
Bxf2+ 15. Kxf2 Rxd3 16. Ke2 Bc8 17. Nc3 Bg4+ 18. Ke1 f5 19. h3 Bh5 20. g4 fxg4
21. Nxe4 Bg6 22. Nf2 Rd4 23. Nxg4 O-O 24. Rg1 Rfd8 25. Rg2 Kf8 26. Rd1 Bh5 27.
Rc1 Rd3 28. Rc3 Rxc3 29. dxc3 Rd3 30. Nf2 Rxc3 31. Rg5 Bg6 32. Ra5 Rc1+ 33. Kd2
Rc2+ 34. Ke3 Rb2 35. Rxa7 Bb1 36. Nd3 Rxa2 37. Rxc7 Ra3 38. Nc5 Bc2 39. Rb7 f5
40. Kd2 Be4 41. Rxh7 Ra2+ 42. Ke3 Ra3 43. Rb7 Bg2 44. h4 Ra1 45. Kf2 Ra2+ 46.
Kg3 Bh1 47. Kf4 Rf2+ 48. Kg5 Be4 49. Kf6 Kg8 50. h5 Rd2 51. Kg5 Bf3 52. h6 Rg2+
53. Kf6 f4 54. Ne6 Be4 55. Rb8+ Kh7 56. Ng5+ Rxg5 57. Kxg5 1-0

[Event "Rhein Main op 11th"]
[Site "Bad Homburg"]
[Date "2008.05.22"]
[Round "2"]
[White "Ochmann, Denis"]
[Black "Jung, Gerhard"]
[Result "0-1"]
[WhiteElo "1634"]
[BlackElo "1912"]
[PlyCount "130"]
[EventDate "2008.05.21"]
[EventType "swiss"]
[EventRounds "7"]
[EventCountry "GER"]
[SourceTitle "CBM 124 Extra"]
[Source "ChessBase"]
[SourceDate "2008.07.03"]
[SourceVersion "1"]
[SourceVersionDate "2008.07.03"]
[SourceQuality "1"]

1. e4 e5 2. Nf3 Nc6 3. c3 Nf6 4. d4 exd4 5. e5 Qe7 6. cxd4 d6 7. Bb5 Bd7 8.
Bxc6 Bxc6 9. O-O dxe5 10. Nxe5 Qd6 11. Qe2 O-O-O 12. Nc3 Qe6 13. Be3 Nd5 14.
Nxd5 Bxd5 15. b3 f6 16. Nf3 Bd6 17. Nd2 f5 18. f4 Rde8 19. Rae1 g5 20. Qf2 Qh6
21. Nc4 g4 22. Ne5 Rhg8 23. Qg3 Qf6 24. Bf2 Be7 25. Qc3 Qb6 26. Rc1 Bb4 27. Qd3
Qe6 28. Qc2 c6 29. Qd3 h5 30. a3 Be4 31. Qc4 Bd2 32. Ra1 Qxc4 33. bxc4 Bxf4 34.
Bg3 Be3+ 35. Bf2 Bd2 36. a4 Rg7 37. Ra2 Bf4 38. Bg3 Bxg3 39. hxg3 c5 40. Rd2
cxd4 41. Nd3 Rc7 42. c5 Bxd3 43. Rxd3 Rxc5 44. Rxd4 Re2 45. Rdf4 Rcc2 46. R4f2
Rxf2 47. Rxf2 Rxf2 48. Kxf2 Kd7 49. Ke3 Ke6 50. Kd4 Kd6 51. Kc4 Ke5 52. Kc5 f4
53. gxf4+ Kxf4 54. Kd6 h4 55. Kc7 h3 56. gxh3 gxh3 57. Kxb7 h2 58. Kxa7 h1=Q
59. a5 Qh7+ 60. Kb6 Qg6+ 61. Kb7 Qf7+ 62. Kb8 Qe8+ 63. Kb7 Qd7+ 64. Kb6 Qc8 65.
a6 Qa8 0-1

[Event "Orlova op 5th"]
[Site "Orlova"]
[Date "2008.05.20"]
[Round "4"]
[White "Mrazek, Lumir"]
[Black "Olsarova, Tereza"]
[Result "1-0"]
[WhiteElo "1942"]
[BlackElo "2093"]
[PlyCount "67"]
[EventDate "2008.05.17"]
[EventType "swiss"]
[EventRounds "9"]
[EventCountry "CZE"]
[SourceTitle "EXT 2012"]
[Source "ChessBase"]
[SourceDate "2011.11.24"]
[SourceVersion "1"]
[SourceVersionDate "2011.11.24"]
[SourceQuality "1"]

1. e4 e5 2. Nf3 Nc6 3. c3 Nf6 4. d4 Nxe4 5. d5 Nb8 6. Nxe5 Be7 7. Bd3 Nc5 8.
Bc2 d6 9. Nd3 Ne4 10. O-O O-O 11. Nd2 Nf6 12. Nf4 Nbd7 13. Nf3 Ne5 14. Nd4 Re8
15. h3 Bf8 16. b3 h6 17. c4 a6 18. Bb2 Bd7 19. Nh5 Nxh5 20. f4 Nf6 21. fxe5
dxe5 22. Nf5 c6 23. Qd3 g6 24. Nh4 Bg7 25. Rae1 e4 26. Qg3 Nh5 27. Qf2 f5 28.
Bxg7 Kxg7 29. Bxe4 Nf6 30. Qg3 Rxe4 31. Qxg6+ Kf8 32. Rxe4 Nxe4 33. Nxf5 Qg5
34. Nxh6+ 1-0

[Event "FICS rated standard game"]
[Site "FICS freechess.org"]
[Date "2008.05.19"]
[Round "?"]
[White "TheGalopatator"]
[Black "BFCrimson"]
[Result "0-1"]
[WhiteElo "2387"]
[BlackElo "2144"]
[PlyCount "58"]
[EventDate "2008.??.??"]
[SourceTitle "OM Portal C 201906"]
[Source "Opening Master"]
[SourceDate "2019.06.27"]
[SourceVersion "1"]
[SourceVersionDate "2019.06.27"]
[SourceQuality "1"]

1. e4 e5 2. Nf3 Nc6 3. c3 Nf6 4. d4 d5 5. Bb5 exd4 6. O-O Nxe4 7. Nxd4 Bd7 8.
Nf3 Bg4 9. Nbd2 Nxd2 10. Qxd2 Bxf3 11. Qe3+ Be4 12. f3 Bd6 13. fxe4 Qe7 14. Qg5
Qxe4 15. Qxg7 O-O-O 16. Qh6 Kb8 17. Bg5 Rhg8 18. Rae1 Qg4 19. h4 Qg3 20. Bxc6
Qh2+ 21. Kf2 f6 22. Qxf6 Rgf8 23. Ke2 Rxf6 24. Bxf6 Qxg2+ 25. Kd1 Rg8 26. Bb5
Qxb2 27. Bd3 Qa1+ 28. Kd2 Qxa2+ 29. Bc2 Rg2+ 0-1

[Event "HUN-chT2 Charousek 0708"]
[Site "Hungary"]
[Date "2008.05.18"]
[Round "11"]
[White "Csapo, Zoltan"]
[Black "Rachela, Milan"]
[Result "1/2-1/2"]
[WhiteElo "2117"]
[BlackElo "2312"]
[PlyCount "61"]
[EventDate "2007.10.14"]
[EventType "team"]
[EventRounds "11"]
[EventCountry "HUN"]
[SourceTitle "EXT 2009"]
[Source "ChessBase"]
[SourceDate "2008.11.26"]
[SourceVersion "1"]
[SourceVersionDate "2008.11.26"]
[SourceQuality "1"]
[WhiteTeam "Vizugy"]
[BlackTeam "Haladas II"]
[WhiteTeamCountry "HUN"]
[BlackTeamCountry "HUN"]

1. e4 e5 2. Nf3 Nc6 3. c3 Nf6 4. d4 Nxe4 5. d5 Bc5 6. dxc6 Bxf2+ 7. Ke2 Bb6 8.
Qd5 Nf2 9. cxb7 Bxb7 10. Qxb7 Nxh1 11. Be3 Bxe3 12. Kxe3 O-O 13. Nbd2 d5 14.
Bb5 e4 15. Rxh1 exf3 16. Nxf3 Rb8 17. Qc6 a6 18. Qxa6 Rb6 19. Qa4 Qb8 20. Nd4
c5 21. Nc6 Re8+ 22. Kd2 Qb7 23. Na5 Qb8 24. Bxe8 Rxb2+ 25. Kd3 Qe5 26. Bxf7+
Kxf7 27. Qd7+ Kg6 28. Qg4+ Kh6 29. Qh4+ Kg6 30. Qg4+ Kh6 31. Qh4+ 1/2-1/2

[Event "GER-ch U25 op"]
[Site "Willingen"]
[Date "2008.05.16"]
[Round "8"]
[White "Massloch, Philipp"]
[Black "Briese, Annika"]
[Result "1-0"]
[WhiteElo "1585"]
[BlackElo "1289"]
[PlyCount "149"]
[EventDate "2008.05.11"]
[EventType "swiss"]
[EventRounds "9"]
[EventCountry "GER"]
[SourceTitle "CBM 124 Extra"]
[Source "ChessBase"]
[SourceDate "2008.07.03"]
[SourceVersion "1"]
[SourceVersionDate "2008.07.03"]
[SourceQuality "1"]

1. e4 e5 2. Nf3 Nc6 3. c3 Nf6 4. d4 exd4 5. e5 Nd5 6. Bb5 a6 7. Ba4 Nb6 8. cxd4
Nxa4 9. Qxa4 b5 10. Qb3 Be7 11. O-O d6 12. Nc3 dxe5 13. dxe5 Bg4 14. Qd5 Bxf3
15. Qxf3 Nxe5 16. Qe4 Ng6 17. Rd1 Qc8 18. Nd5 Rb8 19. Bf4 Rb7 20. Rac1 c6 21.
Nxe7 Nxe7 22. Bd6 f6 23. Bxe7 Rxe7 24. Rxc6 Qb7 25. Qc2 O-O 26. Rc1 Kf7 27.
Qb3+ Kg6 28. Qg3+ Kf7 29. Rc7 Qe4 30. Rxe7+ Kxe7 31. Qc7+ Ke6 32. Rc6+ Kf5 33.
Rc5+ Kg6 34. Qg3+ Kf7 35. Rc7+ Ke6 36. Rc1 Rc8 37. Qh3+ f5 38. Rd1 Qc2 39. Re1+
Kf7 40. Qh5+ Kf6 41. Qh4+ Kf7 42. Qe7+ Kg8 43. Qe6+ Kf8 44. Qe3 Kg8 45. h4 Qc6
46. Qe5 Rf8 47. Qe6+ Qxe6 48. Rxe6 Ra8 49. h5 Kf7 50. Rb6 h6 51. Kh2 Re8 52.
Rxa6 Re2 53. b3 Rxf2 54. Kg3 Re2 55. Ra5 Kf6 56. Rxb5 Rxa2 57. Rb6+ Kg5 58. Rb5
Kxh5 59. Rxf5+ g5 60. Rf2 Ra3 61. Rb2 g4 62. Kf4 Kh4 63. Rb1 Kh5 64. b4 Ra4 65.
g3 Ra8 66. Rh1+ Kg6 67. Kxg4 h5+ 68. Rxh5 Ra4 69. Rb5 Kf6 70. Kh5 Ke6 71. g4
Ra8 72. g5 Rh8+ 73. Kg6 Rg8+ 74. Kh7 Kf7 75. Rb7+ 1-0

[Event "LSS SA-2008.0.00012"]
[Site "LSS email"]
[Date "2008.05.15"]
[Round "?"]
[White "McDonald, Graham R"]
[Black "Herzog, Klaus"]
[Result "1/2-1/2"]
[WhiteElo "1580"]
[BlackElo "1802"]
[PlyCount "62"]
[EventDate "2008.05.07"]
[EventType "tourn"]
[EventRounds "6"]
[SourceTitle "OM Corr 202003"]
[Source "Opening Master"]
[SourceDate "2019.05.30"]
[SourceVersion "2"]
[SourceVersionDate "2019.05.30"]
[SourceQuality "1"]

1. e4 e5 2. Nf3 Nc6 3. c3 Nf6 4. d4 Nxe4 5. d5 Bc5 6. dxc6 Bxf2+ 7. Ke2 bxc6 8.
Qa4 f5 9. Nbd2 O-O 10. Nxe4 fxe4 11. Qxe4 d5 12. Qxe5 Re8 13. Qxe8+ Qxe8+ 14.
Kxf2 Qg6 15. Be2 Bg4 16. Re1 Rf8 17. Be3 Qc2 18. Rab1 Bxf3 19. gxf3 Re8 20. Rg1
a5 21. h4 a4 22. h5 a3 23. bxa3 Qxc3 24. Rb3 Qc2 25. Rd3 Qxa2 26. h6 g6 27. Rc1
Re6 28. f4 Qb2 29. Bd2 Qb6+ 30. Be3 Qb2 31. Bd2 Qb6+ 1/2-1/2

[Event "LSS SA-2008.0.00012"]
[Site "LSS email"]
[Date "2008.05.15"]
[Round "?"]
[White "McDonald, Graham R"]
[Black "Cloodt, Henrik"]
[Result "0-1"]
[WhiteElo "1580"]
[BlackElo "2293"]
[PlyCount "42"]
[EventDate "2008.05.07"]
[EventType "tourn"]
[EventRounds "6"]
[SourceTitle "OM Corr 202003"]
[Source "Opening Master"]
[SourceDate "2019.05.30"]
[SourceVersion "2"]
[SourceVersionDate "2019.05.30"]
[SourceQuality "1"]

1. e4 e5 2. Nf3 Nc6 3. c3 d5 4. Bb5 dxe4 5. Nxe5 Qg5 6. Qa4 Qxg2 7. Bxc6+ bxc6
8. Qxc6+ Kd8 9. Rf1 Bh3 10. Qxa8+ Ke7 11. Kd1 Qxf1+ 12. Kc2 Bf5 13. Na3 f6 14.
Nc6+ Kf7 15. Nd4 Qd3+ 16. Kb3 Bg4 17. Nac2 c5 18. Qd5+ Kg6 19. f3 Bxf3 20. Qf5+
Kh6 21. Nxf3 Qb5+ 0-1

[Event "Knights Open"]
[Site "?"]
[Date "2008.05.15"]
[Round "?"]
[White "Winter-Roach, Alex"]
[Black "Sears, Frank"]
[Result "1/2-1/2"]
[WhiteElo "2056"]
[BlackElo "2092"]
[PlyCount "64"]
[EventDate "2008.??.??"]
[SourceTitle "OM OTB B 201907"]
[Source "Opening Master"]
[SourceDate "2019.07.06"]
[SourceVersion "2"]
[SourceVersionDate "2019.07.06"]
[SourceQuality "1"]

1. e4 e5 2. Nf3 Nc6 3. c3 Nf6 4. d4 exd4 5. e5 Nd5 6. cxd4 Bb4+ 7. Bd2 d6 8.
Bxb4 Ncxb4 9. a3 Nc6 10. Bb5 O-O 11. O-O Nce7 12. Nbd2 Bf5 13. Nh4 Be6 14. Ne4
Ng6 15. Nxg6 hxg6 16. exd6 cxd6 17. Qf3 Qb6 18. Bd3 Qxd4 19. Rfd1 Qe5 20. Bc4
Nf4 21. Nxd6 Rad8 22. Qe3 Qg5 23. Qg3 Qxg3 24. hxg3 Bxc4 25. Nxc4 Ne6 26. Kf1
Rxd1+ 27. Rxd1 Rd8 28. Rxd8+ Nxd8 29. Nd6 Kf8 30. Ke2 a6 31. Ke3 Ke7 32. Ne4 b6
1/2-1/2

[Event "GER-ch U10"]
[Site "Willingen"]
[Date "2008.05.11"]
[Round "10"]
[White "Zeller, Anna"]
[Black "Schramm, Anna Lena"]
[Result "1/2-1/2"]
[WhiteElo "690"]
[BlackElo "780"]
[PlyCount "41"]
[EventDate "2008.05.11"]
[EventType "swiss"]
[EventRounds "11"]
[EventCountry "GER"]
[SourceTitle "CBM 124 Extra"]
[Source "ChessBase"]
[SourceDate "2008.07.03"]
[SourceVersion "1"]
[SourceVersionDate "2008.07.03"]
[SourceQuality "1"]

1. e4 e5 2. Nf3 Nc6 3. c3 f6 4. Bb5 a6 5. Ba4 b5 6. Bb3 Nge7 7. O-O d6 8. h3
Ng6 9. Bd5 Bd7 10. d4 Rb8 11. dxe5 fxe5 12. Bg5 Qc8 13. Nh4 Nxh4 14. Qh5+ Ng6
15. Bxc6 Bxc6 16. f3 Be7 17. Bxe7 Kxe7 18. Qg5+ Ke8 19. Nd2 Bd7 20. Qh5 Kf8 21.
g3 1/2-1/2

[Event "GER-ch U10"]
[Site "Willingen"]
[Date "2008.05.11"]
[Round "9"]
[White "Zeller, Anna"]
[Black "Sadjjadi, Anahita"]
[Result "0-1"]
[WhiteElo "690"]
[BlackElo "863"]
[PlyCount "138"]
[EventDate "2008.05.11"]
[EventType "swiss"]
[EventRounds "11"]
[EventCountry "GER"]
[SourceTitle "CBM 124 Extra"]
[Source "ChessBase"]
[SourceDate "2008.07.03"]
[SourceVersion "1"]
[SourceVersionDate "2008.07.03"]
[SourceQuality "1"]

1. e4 e5 2. Nf3 Nc6 3. c3 Nf6 4. d4 exd4 5. e5 Ng4 6. cxd4 d6 7. Bb5 Bd7 8. d5
Na5 9. Bxd7+ Qxd7 10. h3 Nxe5 11. Nxe5 dxe5 12. Nc3 Bb4 13. Bd2 O-O 14. Qa4
Qxa4 15. Nxa4 Bxd2+ 16. Kxd2 c6 17. Rhe1 Nc4+ 18. Kc3 cxd5 19. b3 d4+ 20. Kxc4
a6 21. Nb6 Rae8 22. Nd7 Rc8+ 23. Kd3 Rfd8 24. Nxe5 Re8 25. Kxd4 Rcd8+ 26. Ke4
f6 27. Kf4 fxe5+ 28. Rxe5 Rf8+ 29. Rf5 b5 30. Rxf8+ Rxf8+ 31. Ke5 Rxf2 32. g4
g6 33. a4 bxa4 34. Rxa4 Rb2 35. Rxa6 Rxb3 36. h4 Rb4 37. h5 gxh5 38. gxh5 Rb5+
39. Kd6 Rxh5 40. Ra8+ Kg7 41. Ra7+ Kg6 42. Ke7 h6 43. Ra6+ Kg5 44. Ra5+ Kg4 45.
Rxh5 Kxh5 46. Kf6 Kg4 47. Ke5 h5 48. Ke4 Kg3 49. Ke3 h4 50. Ke2 Kg2 51. Ke1 h3
52. Ke2 h2 53. Ke1 h1=Q+ 54. Ke2 Qf1+ 55. Ke3 Qf3+ 56. Kd4 Qe2 57. Kd5 Kf3 58.
Kd4 Qe4+ 59. Kc5 Qd3 60. Kc6 Ke4 61. Kc7 Ke5 62. Kc8 Ke6 63. Kc7 Qd7+ 64. Kb6
Qc8 65. Kb5 Kd5 66. Kb4 Qc4+ 67. Ka5 Qb3 68. Ka6 Kc6 69. Ka7 Qb7# 0-1

[Event "GER-ch U10"]
[Site "Willingen"]
[Date "2008.05.11"]
[Round "5"]
[White "Zeller, Anna"]
[Black "Wallat, Jessica"]
[Result "1-0"]
[WhiteElo "690"]
[BlackElo "760"]
[PlyCount "63"]
[EventDate "2008.05.11"]
[EventType "swiss"]
[EventRounds "11"]
[EventCountry "GER"]
[SourceTitle "CBM 124 Extra"]
[Source "ChessBase"]
[SourceDate "2008.07.03"]
[SourceVersion "1"]
[SourceVersionDate "2008.07.03"]
[SourceQuality "1"]

1. e4 e5 2. Nf3 Nc6 3. c3 d5 4. d4 dxe4 5. d5 Nce7 6. Nxe5 Nxd5 7. Bc4 Be6 8.
Nd2 Ngf6 9. O-O Bd6 10. Bxd5 Bxe5 11. Bxb7 Rb8 12. Bxe4 Nxe4 13. Nxe4 Qh4 14.
g3 Qxe4 15. Re1 Qd5 16. Qxd5 Bxd5 17. Rxe5+ Kf8 18. Rxd5 Re8 19. Be3 h6 20.
Bxa7 g5 21. f4 Re2 22. Rd8+ Ke7 23. Rxh8 g4 24. Rxh6 Rxb2 25. Re1+ Kf8 26. h4
c6 27. Rxc6 Rd2 28. h5 Kg7 29. h6+ Kh7 30. Bd4 f5 31. Re7+ Kg8 32. Rc8# 1-0

[Event "It (open) (b)"]
[Site "Maastricht (Netherlands)"]
[Date "2008.05.11"]
[Round "4"]
[White "Klokgieters, Dick"]
[Black "De Mon, Gino"]
[Result "1-0"]
[WhiteElo "1523"]
[BlackElo "1316"]
[PlyCount "81"]
[EventDate "2008.??.??"]
[EventRounds "7"]
[EventCountry "NED"]
[SourceTitle "OM OTB B 201907"]
[Source "Opening Master"]
[SourceDate "2019.07.06"]
[SourceVersion "2"]
[SourceVersionDate "2019.07.06"]
[SourceQuality "1"]

1. e4 e5 2. Nf3 Nc6 3. c3 Nf6 4. d3 Bc5 5. Be2 h5 6. h3 Nh7 7. d4 exd4 8. Nxd4
Nxd4 9. cxd4 Bb4+ 10. Nc3 Nf6 11. Bg5 Be7 12. e5 Nd5 13. Bxe7 Nxc3 14. bxc3
Qxe7 15. Bxh5 Qg5 16. Bf3 Qe7 17. Qe2 d6 18. exd6 Qxe2+ 19. Kxe2 cxd6 20. Rab1
Rb8 21. Kd2 Kd8 22. Rhe1 Re8 23. Rxe8+ Kxe8 24. Re1+ Kf8 25. Rb1 b6 26. Bc6 Bf5
27. Re1 Rc8 28. d5 Rd8 29. a4 Bd7 30. Bxd7 Rxd7 31. Re4 Rc7 32. c4 Rc5 33. Kc3
a6 34. Kb4 b5 35. axb5 axb5 36. cxb5 Rxd5 37. b6 Rd2 38. Ka5 Rxf2 39. b7 Ra2+
40. Kb5 Rb2+ 41. Rb4 1-0

[Event "It (open) (b)"]
[Site "Maastricht (Netherlands)"]
[Date "2008.05.11"]
[Round "4"]
[White "Schrijvers, Kees"]
[Black "Moog, Gerhard"]
[Result "1-0"]
[WhiteElo "1509"]
[BlackElo "1964"]
[PlyCount "73"]
[EventDate "2008.??.??"]
[EventRounds "7"]
[EventCountry "NED"]
[SourceTitle "OM OTB B 201907"]
[Source "Opening Master"]
[SourceDate "2019.07.06"]
[SourceVersion "2"]
[SourceVersionDate "2019.07.06"]
[SourceQuality "1"]

1. e4 e5 2. Nf3 Nc6 3. c3 Nf6 4. d3 d5 5. Nbd2 dxe4 6. dxe4 Bc5 7. Be2 h6 8.
O-O Be6 9. Qc2 O-O 10. b3 a6 11. Bb2 Qe7 12. b4 Ba7 13. a4 Ng4 14. Bc4 Bxc4 15.
Nxc4 b5 16. Ncd2 Rad8 17. axb5 axb5 18. h3 Nf6 19. Ra6 Bb6 20. Nb1 Rd7 21. Na3
Na7 22. Qe2 Rb8 23. Nc2 Nh5 24. Rxb6 cxb6 25. g3 Nf6 26. Bc1 Rc8 27. Qe3 Rc6
28. Nh4 Qd6 29. Nf5 Kh7 30. Nxd6 Rcxd6 31. Ne1 Nc6 32. Nf3 Rd3 33. Qxb6 Rxc3
34. Qxb5 Rxf3 35. Qxc6 Rdd3 36. Be3 Nh5 37. Kg2 1-0

[Event "GER-ch U10"]
[Site "Willingen"]
[Date "2008.05.11"]
[Round "3"]
[White "Zeller, Anna"]
[Black "Truong, Van Trang"]
[Result "0-1"]
[WhiteElo "690"]
[BlackElo "950"]
[PlyCount "76"]
[EventDate "2008.05.11"]
[EventType "swiss"]
[EventRounds "11"]
[EventCountry "GER"]
[SourceTitle "CBM 124 Extra"]
[Source "ChessBase"]
[SourceDate "2008.07.03"]
[SourceVersion "1"]
[SourceVersionDate "2008.07.03"]
[SourceQuality "1"]

1. e4 e5 2. Nf3 Nc6 3. c3 Nf6 4. d4 exd4 5. cxd4 Nxe4 6. Bd3 d5 7. Nc3 Bb4 8.
Bd2 Nxd2 9. Qxd2 Bg4 10. h3 Bxf3 11. Qe3+ Qe7 12. Qxe7+ Nxe7 13. gxf3 O-O 14.
a3 Ba5 15. b4 Bb6 16. Na4 Bxd4 17. Rc1 c6 18. Nc3 Ng6 19. b5 Rae8+ 20. Kf1 Re6
21. Bf5 Rf6 22. Ne2 Bb2 23. Rc2 Bxa3 24. Nd4 c5 25. Bxg6 fxg6 26. Rc3 Bb2 27.
Rxc5 Bxd4 28. Rxd5 Bb6 29. Kg2 Rxf3 30. Rd7 Rxf2+ 31. Kg3 R8f3+ 32. Kg4 h5+ 33.
Kg5 Be3+ 34. Kxg6 Rg3+ 35. Kxh5 Rf6 36. Kh4 Bf2 37. Rd5 Rg2+ 38. Kh5 Rh6# 0-1

[Event "GER-ch U10"]
[Site "Willingen"]
[Date "2008.05.11"]
[Round "1"]
[White "Zeller, Anna"]
[Black "Altstadt, Karl Simon"]
[Result "0-1"]
[WhiteElo "690"]
[BlackElo "1177"]
[PlyCount "76"]
[EventDate "2008.05.11"]
[EventType "swiss"]
[EventRounds "11"]
[EventCountry "GER"]
[SourceTitle "CBM 124 Extra"]
[Source "ChessBase"]
[SourceDate "2008.07.03"]
[SourceVersion "1"]
[SourceVersionDate "2008.07.03"]
[SourceQuality "1"]

1. e4 e5 2. Nf3 Nc6 3. c3 Nf6 4. d4 d6 5. Bc4 Be7 6. Ng5 O-O 7. Bxf7+ Rxf7 8.
Nxf7 Kxf7 9. O-O Nxe4 10. Qf3+ Nf6 11. Bg5 exd4 12. Bxf6 Bxf6 13. cxd4 Nxd4 14.
Qh5+ Kf8 15. Qxh7 Nc2 16. Re1 Nxe1 17. Qh8+ Ke7 18. Qxd8+ Kxd8 19. Nc3 Nd3 20.
Rd1 Nxb2 21. Rc1 Nd3 22. Rd1 Bf5 23. Nd5 Bd4 24. Ne3 Bxe3 25. fxe3 Kd7 26. h3
Rf8 27. g4 Be4 28. Rf1 Rxf1+ 29. Kxf1 Bf3 30. g5 c5 31. Kg1 c4 32. h4 c3 33. h5
c2 34. Kh2 Nf2 35. h6 c1=Q 36. hxg7 Qh1+ 37. Kg3 Qg2+ 38. Kf4 Qg4# 0-1

[Event "Tarragona Province-chA"]
[Site "Tarragona"]
[Date "2008.05.10"]
[Round "4"]
[White "Luke Brezmes, Cristofer"]
[Black "Khaidorov, Viacheslav"]
[Result "0-1"]
[WhiteElo "2000"]
[BlackElo "2154"]
[PlyCount "38"]
[EventDate "2008.04.19"]
[EventType "swiss"]
[EventRounds "8"]
[EventCountry "ESP"]
[SourceTitle "OM OTB B 201907"]
[Source "Opening Master"]
[SourceDate "2019.07.06"]
[SourceVersion "2"]
[SourceVersionDate "2019.07.06"]
[SourceQuality "1"]

1. e4 e5 2. Nf3 Nc6 3. c3 Nf6 4. d4 Nxe4 5. d5 Ne7 6. Nxe5 Ng6 7. Nxg6 hxg6 8.
Be3 Bc5 9. Bxc5 Nxc5 10. d6 Qf6 11. Qe2+ Qe6 12. Qxe6+ dxe6 13. dxc7 Kd7 14.
Na3 a6 15. Nc4 Kxc7 16. f3 Bd7 17. O-O-O f6 18. Kc2 Rad8 19. b4 Ba4+ 0-1

[Event "AUT-ch U14"]
[Site "Vienna"]
[Date "2008.05.10"]
[Round "1"]
[White "Schnegg, Martin"]
[Black "Klocker, Elias"]
[Result "1-0"]
[WhiteElo "2057"]
[BlackElo "1635"]
[PlyCount "121"]
[EventDate "2008.05.10"]
[EventType "swiss"]
[EventRounds "7"]
[EventCountry "AUT"]
[SourceTitle "EXT 2009"]
[Source "ChessBase"]
[SourceDate "2008.11.26"]
[SourceVersion "1"]
[SourceVersionDate "2008.11.26"]
[SourceQuality "1"]

1. e4 e5 2. Nf3 Nc6 3. c3 Nf6 4. d4 exd4 5. e5 Nd5 6. cxd4 Be7 7. Qb3 Nb6 8. d5
Nb8 9. Nc3 d6 10. Bd3 N8d7 11. exd6 Bxd6 12. O-O O-O 13. Qc2 h6 14. Be3 Nc5 15.
Be2 Re8 16. b4 Ncd7 17. a3 Ne5 18. Rad1 Qf6 19. Bd4 Bf5 20. Qd2 Nxf3+ 21. Bxf3
Qg6 22. Nb5 Be4 23. Bxe4 Rxe4 24. Nxd6 Qxd6 25. Bc5 Qd7 26. Qc2 Rae8 27. d6
R4e6 28. dxc7 Qxc7 29. Qb3 Nd7 30. Bd4 b6 31. Qb2 Nf6 32. Bxf6 Rxf6 33. Rc1 Rc6
34. Rxc6 Qxc6 35. b5 Qd7 36. h3 Rd8 37. Qb4 Qd6 38. Qb3 Qd3 39. Qb2 Qd2 40. Qe5
Qd6 41. Qc3 Qd3 42. Qc7 Rd7 43. Qb8+ Kh7 44. a4 Qd4 45. Qc8 g6 46. Re1 Rd8 47.
Qc7 Rd7 48. Qc2 Kg8 49. Qc6 Qd6 50. Qxd6 Rxd6 51. Re7 Kg7 52. Rxa7 Kf6 53. g4
Ke6 54. a5 bxa5 55. Rxa5 Kd5 56. Ra6 Rxa6 57. bxa6 Kc6 58. Kg2 Kb6 59. Kf3 Kxa6
60. Ke4 Kb6 61. Ke5 1-0